Ποιήματα

Αποθηκεύτηκε σε:
Λεπτομέρειες βιβλιογραφικής εγγραφής
Κύριος συγγραφέας: Ρίτσος, Γιάννης, 1909-1990
Μορφή: Βιβλίο
Γλώσσα:Greek
Δημοσίευση: Αθήνα : Κέδρος, 1975-1976
Θέματα:
Ετικέτες: Προσθήκη ετικέτας
Δεν υπάρχουν, Καταχωρήστε ετικέτα πρώτοι!

MARC

LEADER 00000nam a2200000 i 4500
001 1/34392
008 941103m19751976 gre d
035 |a 1994  |c ΔΩΡΕΑ  |l 10039635 
040 |a GR-MY-UA  |b gre  |e aacr 
041 1 |a gre 
082 0 |a 889.1 
100 1 |a Ρίτσος, Γιάννης,   |d 1909-1990. 
245 1 0 |a Ποιήματα /  |c Γιάννης Ρίτσος 
260 |a Αθήνα :   |b Κέδρος,   |c 1975-1976 
300 |a 2 τ.;  |c 24 εκ. 
505 0 |a Τ.3: 1930-1960 -- τ.4: 1938-1971 
650 0 0 |a Greek poetry. 
852 |a INST  |b SAMOS  |e 19941103  |h 889.1 ΡΙΤ  |p 005300000634  |q 005300000634  |t BK  |y 0  |z τ.3 
852 |a INST  |b SAMOS  |e 19941103  |h 889.1 ΡΙΤ  |p 005300000635  |q 005300000635  |t BK  |y 0  |z τ.4 
852 |a INST  |b SAMOS  |e 19941103  |h 889.1 ΡΙΤ  |p 005300000634  |q 005300000634  |t BK  |v τ.3:  |y 0  |z τ.3 
852 |a INST  |b SAMOS  |e 19941103  |h 889.1 ΡΙΤ  |p 005300000635  |q 005300000635  |t BK  |v τ.4:  |y 0  |z τ.4 
853 |a INST  |b SAMOS  |h 889.1 ΡΙΤ 
909 |a Σ  |b 027879 
909 |a Σ  |b 027880